<The> Russian default and the contagion to Brazil

Na minha lista:
Detalhes bibliográficos
Autor principal: Baig, Taimur
Outros Autores: Goldfajn, Ilan
Formato: Livro
Idioma:inglês
Publicado em: Washington International Monetary Fund 2000
Colecção:IMF Working Paper WP/00/160
Assuntos:
Tags: Adicionar Tag
Sem tags, seja o primeiro a adicionar uma tag!

MARC

LEADER 00000nam a2200000 4500
001 c124407
005 20221221083537.1
041 0 |a eng 
044 |a US 
245 1 0 |a <The> Russian default and the contagion to Brazil  |c Taimur Baig and Ilan Goldfajn 
264 1 |a Washington  |b International Monetary Fund  |c 2000 
300 |a 47 s. 
490 1 |a IMF Working Paper  |v WP/00/160 
830 0 |a IMF Working Paper  |v WP/00/160 
610 2 0 |a offshore 
610 2 0 |a kríza 
610 2 0 |a kurz menový 
610 2 0 |a Rusko 
610 2 0 |a Brazília 
100 1 |a Baig, Taimur 
700 1 |a Goldfajn, Ilan